000 00863cab a2200253 4500
001 WB3421-23
008 090401t1998 xxu||||| |||| 00| 0 eng d
035 _a(Sirsi) u86543
041 _aeng
245 _aRight to roam needs legality
260 _c1998
350 _a0
490 _aTimes
_v1 June 1998, 10
490 _aCountryside Commission News Release
_v1 June 1998 (4)
520 _aThe Countryside Commission wants a public right to roam to be guaranteed by law as its does not believe that a voluntary approach will work. It also rejects any idea of compensation for private landowners.
650 _aACCESS TO THE COUNTRYSIDE
650 _aCOMPENSATION
650 _aCOUNTRYSIDE COMMISSION
650 _aPUBLIC ACCESS
650 _aRIGHT TO ROAM
690 _aHIGHWAYS RIGHTS OF WAY AND EASEMENTS
942 _n0
948 _c02/06/1998
999 _c54477
_d54477